000 00312nam a22001337a 4500
008 170721b xxu||||| |||| 00| 0 eng d
020 _a9780536753601
041 _aeng
080 _a004
100 _a29
101 _aSHKI
245 _aSTRATEGIES FOR PROBLEM SOLVING WORKBOOK
_cSALTZER, B.K
942 _2udc
_cBK
999 _c21765
_d21765